000
00273nam a2200121Ia 4500
005
20251222155201.0
008
251222s9999||||xx |||||||||||||| ||spa||
082
_a
REL.167
100
_a
BARDANELLO TOSI,Lore.
245
0
_a
Salud y Vida
264
_b
No tiene
942
_c
LIB
999
_c
39945
_d
39945